MARC details
| 000 -LEADER |
| fixed length control field |
03030nam a2200313 i 4500 |
| 003 - CONTROL NUMBER IDENTIFIER |
| control field |
CSPC |
| 005 - DATE AND TIME OF LATEST TRANSACTION |
| control field |
20260226161459.0 |
| 008 - FIXED-LENGTH DATA ELEMENTS--GENERAL INFORMATION |
| fixed length control field |
260226s2025 ph a b 000 0 eng d |
| 040 ## - CATALOGING SOURCE |
| Original cataloging agency |
CSPC |
| Language of cataloging |
eng |
| Transcribing agency |
CSPC |
| Description conventions |
rda |
| 090 ## - LOCALLY ASSIGNED LC-TYPE CALL NUMBER (OCLC); LOCAL CALL NUMBER (RLIN) |
| Classification number (OCLC) (R) ; Classification number, CALL (RLIN) (NR) |
UTH BSOA Al119a 2025 |
| 100 1# - MAIN ENTRY--PERSONAL NAME |
| Personal name |
Alapad, Angel A., |
| Relator term |
author. |
| 245 10 - TITLE STATEMENT |
| Title |
Assessing the level of automation, challenges, and best practices in enhancing supply chain efficiency in 7-eleven convenience store : |
| Remainder of title |
a case study / |
| Statement of responsibility, etc. |
Angel O. Alapad, Almira D. Arcilla, and Arjan C. Aypa. |
| 260 ## - PUBLICATION, DISTRIBUTION, ETC. |
| Place of publication, distribution, etc. |
Buhi, Camarines Sur : |
| Name of publisher, distributor, etc. |
Camarines Sur Polytechnic Colleges, |
| Date of publication, distribution, etc. |
2025. |
| 300 ## - PHYSICAL DESCRIPTION |
| Extent |
114 leaves. |
| 336 ## - CONTENT TYPE |
| Source |
rdacontent |
| Content type term |
text |
| 337 ## - MEDIA TYPE |
| Source |
rdamedia |
| Media type term |
unmediated |
| 338 ## - CARRIER TYPE |
| Source |
rdacarrier |
| Carrier type term |
volume |
| 502 ## - DISSERTATION NOTE |
| Dissertation note |
Undergraduate Thesis (BSOA)- Office Administration. |
| Name of granting institution |
Camarines Sur Polytechnic Colleges, 2025. |
| 504 ## - BIBLIOGRAPHY, ETC. NOTE |
| Bibliography, etc. note |
Includes bibliographical references. |
| 520 3# - SUMMARY, ETC. |
| Summary, etc. |
The study investigates the level automation, challenges, and best practices contributing towards supply chain efficiency in 7-Eleven convenience store. As modern convenience stores rely heavily on real-time data, automated systems, and efficient logistics to meet customer demand. There is a need to ascertain how the level of automation impacts the efficiency of the overall supply chain performance has become highly relevant. A descriptive research design was utilized by using questionnaires and face-to-face interviews with 7 respondents. The level of automation is Excellent on all areas in Supply Chain operations. Automation in procurement process, inventory management, order fulfillment and tracking, supplier communication, record-keeping and documentation are significantly enhanced the efficiency, accuracy and reliability of the system process. The perceived level of supply chain efficiency is rated Excellent on all the key areas in transaction speed, accuracy of data, order processing time, and cost management being responsive to issues or disruptions. The results confirms that the level of supply of chain in 7 Eleven strengthen by the automation, leading to more reliable and effective in operations. The level of Automation and level of Supply Chain efficiency are having a strong and positive significant relationship to the 7-Eleven employees. These challenges show the need for proper training and technical support to ensure the success on using the automated system. The best practices are applied in the store of 7-Eleven is the uses automation to accurately track inventory in real time. All respondents unanimously agreed on a consistent in best practices in 7-Eleven Convenience Store. |
| 700 1# - ADDED ENTRY--PERSONAL NAME |
| Personal name |
Arcilla, Almira D., |
| Relator term |
author. |
| 700 1# - ADDED ENTRY--PERSONAL NAME |
| Personal name |
Aypa, Arjan C., |
| Relator term |
author. |
| 720 1# - ADDED ENTRY--UNCONTROLLED NAME |
| Name |
Luzon, NiƱo Jeffrey L., |
| Relator term |
adviser. |
| 720 1# - ADDED ENTRY--UNCONTROLLED NAME |
| Name |
Verona, Lea Katrine S., |
| Relator term |
panel, chair. |
| 720 1# - ADDED ENTRY--UNCONTROLLED NAME |
| Name |
Oliveros, Josefin N., |
| Relator term |
panelist. |
| 720 1# - ADDED ENTRY--UNCONTROLLED NAME |
| Name |
Adriano, Rolando B., |
| Relator term |
panelist. |
| 942 ## - ADDED ENTRY ELEMENTS (KOHA) |
| Source of classification or shelving scheme |
Dewey Decimal Classification |
| Suppress in OPAC |
No |
| Koha item type |
Unpublished Materials |
| Classification part |
Al119a |
| Call number prefix |
BSOA |
| Call number suffix |
2025 |